[Event "EU-ch Online U14 Girls"]
[Site "Tornelo INT"]
[Date "2020.09.19"]
[Round "4"]
[White "Gelders, Flore"]
[Black "Gronhoj, Precious"]
[Result "0-1"]
[WhiteElo "1008"]
[BlackElo "1154"]
[PlyCount "94"]
[EventDate "2020.09.18"]
[EventType "swiss (rapid)"]
[EventRounds "9"]
[EventCountry "NET"]
[SourceTitle "EXT 2023"]
[Source "ChessBase"]
[SourceDate "2022.10.05"]
[SourceVersion "1"]
[SourceVersionDate "2022.10.05"]
[SourceQuality "1"]
[WhiteTeam "Belgien"]
[BlackTeam "Denmark"]
[WhiteTeamCountry "BEL"]
[BlackTeamCountry "DEN"]

1. d4 d5 2. Bf4 Nf6 3. e3 Nc6 4. Nf3 h6 5. Bd3 e6 6. Nbd2 Bd6 7. Bg3 Qe7 8. c4 e5 9. 0-0 e4 10. Bxe4 dxe4 11. Ne1 Bg4 12. Qa4 0-0 13. Qc2 Be2 14. Nb3 Bb4 15. Qxe2 a6 16. Bf4 b5 17. f3 bxc4 18. fxe4 Qxe4 19. Qf3 cxb3 20. Qg3 Nh5 21. Qf3 Qxf3 22. Rxf3 Nxf4 23. Rxf4 Bd2 24. Nf3 Bxe3+ 25. Kf1 Bxf4 26. g3 Bd6 27. axb3 Nb4 28. Ra4 Rfe8 29. Rxb4 Bxb4 30. d5 Re3 31. Kf2 Rxb3 32. d6 Bxd6 33. g4 a5 34. Nd2 Rxb2 35. Ke3 a4 36. Nc4 Rb3+ 37. Kd4 Bf4 38. h4 a3 39. g5 a2 40. gxh6 a1Q+ 41. Kc5 Bxh6 42. h5 Ra5+ 43. Nxa5 Qxa5+ 44. Kc4 Rb4+ 45. Kc3 Qa3+ 46. Kc2 Rb2+ 47. Kd1 Qa1# 0-1